000 01049nam a2200265 a 4500
001 71032
003 BD-RjUL
005 20211209082053.0
008 170423s2003 bg a|||| b||| 00| 0 ben d
020 _cTk.220.00
035 _a(BD-RjUL)71246
040 _aBD-RjUL
_bben
_cBD-RjUL
041 _aben
082 _223
_a579
_bISA 2003
100 _aইসলাম, মো: রফিকুল
_9144708
245 1 0 _aঅনুজীববিজ্ঞান
_b= Microbiology /
_cমো: রফিকুল ইসলাম, মিহির লাল সাহা এবং এম. এ. বাসার
260 _aঢাকা :
_bহাসান বুক হাউস,
_c২০০৩
300 _a২৭৬ পৃ. :
_bচিত্র ;
_c২৫ সেমি.
504 _aগ্রন্থপন্জি
650 _aঅনুজীববিজ্ঞান
_9210154
650 _aMicrobiology
_9210155
700 _aসাহা, মিহির লাল
_9157964
700 _aবাসার, এম. এ.
_9210156
942 _2ddc
_cBK
999 _c71032
_d71032